Statistics for Top 10 largest Armies of the world

Click here to take the quiz!

General Stats

  • This quiz has been taken 156 times
  • The average score is 8 of 10

Answer Stats

HintAnswer% Correct
2,183,000China
99%
1,400,000United States
99%
1,013,628Russia
97%
1,444,000India
96%
1,280,000North Korea
92%
654,000Pakistan
85%
580,000South Korea
82%
523,000Iran
80%
478,000Saudi Arabia
57%
482,000Vietnam
50%

Score Distribution

Percentile by Number Answered

Percent of People with Each Score

Your Score History

You have not taken this quiz